Statistics for Books and Authors #6

Click here to take the quiz!

General Stats

  • This quiz has been taken 24 times
  • The average score is 4 of 15

Answer Stats

BookAuthors% Correct
The Good EarthPearl S. Buck
75%
Fear and Loathing in Las VegasHunter S. Thompson
70%
Rabbit, RunJohn Updike
65%
The LotteryShirley Jackson
55%
Nancy Drew Mystery StoriesCarolyn Keene
40%
DivergentVeronica Roth
25%
Driving Miss DaisyAlfred Uhry
10%
The WardenAnthony Trollope
10%
Maze RunnerJames Dashner
10%
Alexander and the Terrible, Horrible, No Good, Very Bad DayJudith Viorst
10%
The SatiresJuvenal
10%
Seven Sermons to the DeadCarl Jung
5%
The Dying EarthJack Vance
5%
MahabharataVyasa
5%
The Monkey's PawW. W. Jacobs
5%

Score Distribution

Percentile by Number Answered

Percent of People with Each Score

Your Score History

You have not taken this quiz